1360 1634 1949 1101 1030 1249 1403 1892 1529 1834 1062 1961 1011 1504 1088 1605 1712 1760 1980 1504 1673 1502 1993 1864 1761 1909 1831 1966 1224 1343 1212 1762 1188 1585 1383 1176 1842 1130 1071 1357 1692 1655 1133 1363 1088 1671 1656 1225 1954 1010 1900 1392 1866 1577 1517 1768 1199 1730 1042 1692 1800 1432 1796 1299 1469 1086 1497 1111 1000 1299 1623 1726 1490 1156 1549 1664 1211 1805 1755 1756 1415 1593 1320 1274 1393 1838 1641 1839 1018 1663 1843 1918 1423 1059 1827 1401 1658 1153 1699 BCNSPRNW ULIB Ver.6.0+V

เปลี่ยนเป็นภาษาไทย

Change to English
 แสดงรายละเอียดบรรณานุกรม
  กลับหน้าหลัก

Brief Record : Get Marc (ISO 2709) : E-mail record : QR code < ปิดหน้าต่าง
LEADER : 00000nam 2200000uu 4500
001    13399120718
003     ULIB
008    121005s2551||||th 000 0 tha d
020    ^a9789744098436
050  4 ^aBD435^bป351ด
100 0  ^aประมวล เพ็งจันทร์
245 10 ^aเดินสู่อิสรภาพ /^cประมวล เพ็งจันทร์
250    ^aพิมพ์ครั้งที่ 9
260    ^aกรุงเทพฯ :^bสุขภาพใจ,^c2551
300    ^a501 หน้า ;^c21 ซม. +^eซีดี-รอม 1 แผ่น
650  7 ^aชีวิต
650  7 ^aการรู้จักตนเอง
650  7 ^aพุทธปรัชญา
650  7 ^aการเดินทาง
650  7 ^aการดำเนินชีวิต^xปรัชญา
653    ^aOpen Your Eyes Project
945    ^p300^l0^i15135
995    ^aทศพร
999    ^aทศพร เกษรทอง
รายการนี้ยังไม่มีแท็ก
คุณยังไม่ได้ล็อกอิน คุณสามารถมีกิจกรรมร่วมกับเว็บไซต์ได้ แต่ต้องล็อกอินก่อน ::
  ล็อกอิน

รายการสื่อสารสนเทศ

ลำดับที่ ประเภท เลขเรียก/บาร์โค้ด สถานที่ สถานะ
1. วิทยาศาสตร์การแพทย์ และสุขภาพ
วิทยาศาสตร์การแพทย์ และสุขภาพ
BD435 ป351ด ฉ.1 
  Barcode: 15135
ห้องสมุดวิทยาเขตสวรรค์ประชารักษ์
►หนังสือทั่วไป
บนชั้น

รายการใกล้เคียง
    ผู้แต่ง [ประมวล เพ็งจันทร์]

    หัวเรื่อง [ชีวิต]
    หัวเรื่อง [การรู้จักตนเอง]
    หัวเรื่อง [พุทธปรัชญา]
    หัวเรื่อง [การเดินทาง]

BibComment


ยังไม่เคยถูกคอมเมนท์

คอมเมนท์ทรัพยากรรายการนี้
  คอมเมนท์: เดินสู่อิสรภาพ ..


 Copyright 2026. Bcnsprnw @Library